skbl

Dr Suryya Kumar Bhuyan Library Web-OPAC
ডঃ সূৰ্য্য
কুমাৰ ভূঞা পুথিভঁৰাল ৱেব-অ'পেক

All Research Scholars are advised to clear the annual library fees to continue using Library Resources, Remote Access, Plagiarism Test and Library Clearance.

Cotton University Book Fair 2026

A comparative study on the novels of Naguib Mahfouz and Syed Abdul Malik with special reference to Al Hubb Taht Al Matar and Aghari Atmar Kahini / (Record no. 67726)

MARC details
000 -LEADER
fixed length control field 01039nam a22002657a 4500
005 - DATE AND TIME OF LATEST TRANSACTION
control field 20260322202112.0
008 - FIXED-LENGTH DATA ELEMENTS--GENERAL INFORMATION
fixed length control field 260129b |||||||| |||| 00| 0 eng d
041 ## - LANGUAGE CODE
Language code of text/sound track or separate title eng
082 ## - DEWEY DECIMAL CLASSIFICATION NUMBER
Classification number 492.7
Item number KHA
100 ## - MAIN ENTRY--AUTHOR NAME
Scholar Khatun, Amina.
245 ## - TITLE STATEMENT
Title A comparative study on the novels of Naguib Mahfouz and Syed Abdul Malik with special reference to Al Hubb Taht Al Matar and Aghari Atmar Kahini /
260 ## - PUBLICATION, DISTRIBUTION, ETC. (IMPRINT)
Year of publication 2025.
Department Arabic Persian
300 ## - PHYSICAL DESCRIPTION
Number of Pages xiv ; 243p.
650 ## - SUBJECT ADDED ENTRY--TOPICAL TERM
Topical Term Comparative literature—Arabic and Assamese
650 ## - SUBJECT ADDED ENTRY--TOPICAL TERM
Topical Term Comparative literature—Assamese and Arabic
650 ## - SUBJECT ADDED ENTRY--TOPICAL TERM
Topical Term Arabic fiction—20th century—History and criticism
650 ## - SUBJECT ADDED ENTRY--TOPICAL TERM
Topical Term Assamese fiction—20th century—History and criticism
650 ## - SUBJECT ADDED ENTRY--TOPICAL TERM
Topical Term Love stories—History and criticism
650 ## - SUBJECT ADDED ENTRY--TOPICAL TERM
Topical Term Social problems in literature
650 ## - SUBJECT ADDED ENTRY--TOPICAL TERM
Topical Term Man-woman relationships in literature
650 ## - SUBJECT ADDED ENTRY--TOPICAL TERM
Topical Term Psychological fiction—History and criticism
700 ## - ADDED ENTRY--Guide
Guide Ahmed, Farid Uddin.
856 ## - ELECTRONIC LOCATION AND ACCESS
Uniform Resource Identifier <a href="https://shodhganga.inflibnet.ac.in/handle/10603/691799">https://shodhganga.inflibnet.ac.in/handle/10603/691799</a>
942 ## - ADDED ENTRY ELEMENTS (KOHA)
Koha item type Thesis
Holdings
Home library Current library Shelving location Date acquired Full call number Accession Number Koha item type
Dr. Suryya Kumar Bhuyan Library Dr. Suryya Kumar Bhuyan Library Thesis Section 29/01/2026 492.7/KHA PHD164 Thesis

Designed and Maintained by Team SKBL
©1901-2026

Powered by Koha